| 000 | 01276nam2a22002291 4500 | ||
|---|---|---|---|
| 001 | v19\rc\1972059 | ||
| 005 | 20250619220812.0 | ||
| 035 | _a(NLR Aleph) 005056448 | ||
| 090 |
_a6949798 _c6949798 |
||
| 100 | _a20080623d1914 |||y0rusy50 ca | ||
| 101 | 0 | _arus | |
| 102 | _aRU | ||
| 105 | _ay z ||||| | ||
| 200 | 0 | _a... за 16 операционный 1913/14 год | |
| 210 |
_d1914 _aБ. м. |
||
| 215 | _a[8] с. | ||
| 461 | 0 |
_1001v19\rc\1972058 _12001#$aОтчет и баланс Акционерного общества Завода для изготовления напильников и ремесленных инструментов Отто Эрбе...$v... за 16 операционный 1913/14 год _96949789 _aЗавод для изготовления напильников и ремесленных инструментов О. Эрбе (Рига) _cРига _d1914 _tОтчет и баланс Акционерного общества Завода для изготовления напильников и ремесленных инструментов Отто Эрбе... _v... за 16 операционный 1913/14 год |
|
| 801 | 0 |
_aRU _bNLR _gpsbo |
|
| 801 | 1 |
_aRU _bProSoft-M _2rusmarc |
|
| 852 |
_aNLR _j17.159.6.40 |
||
| 942 | _cBOOK | ||
| 980 | _aNB | ||